Electromechanical energy conversion (Record no. 7935)

000 -LEADER
fixed length control field 00468nam a22001817a 4500
001 - CONTROL NUMBER
control field 7935
003 - CONTROL NUMBER IDENTIFIER
control field BD-DhUET
008 - FIXED-LENGTH DATA ELEMENTS--GENERAL INFORMATION
fixed length control field 141214b xxu||||| |||| 00| 0 eng d
040 ## - CATALOGING SOURCE
Original cataloging agency DLC
Transcribing agency DLC
Modifying agency BD-DhUET
082 ## - DEWEY DECIMAL CLASSIFICATION NUMBER
Classification number 623.13
Item number GOU/1965
100 ## - MAIN ENTRY--PERSONAL NAME
Personal name Gourishankar, Vembu
245 ## - TITLE STATEMENT
Title Electromechanical energy conversion
250 ## - EDITION STATEMENT
Edition statement 1st ed.
260 ## - PUBLICATION, DISTRIBUTION, ETC. (IMPRINT)
Place of publication, distribution, etc. Scranton
Name of publisher, distributor, etc. International textbook
Date of publication, distribution, etc. 1965
300 ## - PHYSICAL DESCRIPTION
Extent xviii, 564p.
Other physical details ill.
650 #0 - SUBJECT ADDED ENTRY--TOPICAL TERM
Topical term or geographic name as entry element Electric machinery
942 ## - ADDED ENTRY ELEMENTS (KOHA)
Koha item type General Book
Holdings
Location (home branch) Price effective from Shelving location Lost status Withdrawn status Date acquired Source of classification or shelving scheme Copy number Koha normalized classification for sorting Damaged status Koha date last seen Sublocation or collection (holding branch) Piece designation (barcode) Koha full call number Not for loan Koha item type
Central Library, BUET2014-12-14Circulation section  2014-12-14 1623_130000000000000_GOU_1965 2014-12-14Central Library, BUET16494623.13/GOU/1965 General Book
Central Library, BUET2015-05-03Circulation section  2015-05-03 2623_130000000000000_GOU_1965 2015-05-03Central Library, BUET19014623.13/GOU/1965 General Book
Central Library, BUET2015-05-03Circulation section  2015-05-03 3623_130000000000000_GOU_1965 2015-05-03Central Library, BUET16493623.13/GOU/1965 General Book
Central Library, BUET2015-05-03Circulation section  2015-05-03 4623_130000000000000_GOU_1965 2015-05-03Central Library, BUET16492623.13/GOU/1965 General Book
Central Library, BUET2015-05-03Circulation section  2015-05-03 5623_130000000000000_GOU_1965 2015-05-03Central Library, BUET16496623.13/GOU/1965 General Book
Central Library, BUET2015-05-03Circulation section  2015-05-03 6623_130000000000000_GOU_1965 2015-05-03Central Library, BUET16495623.13/GOU/1965 General Book
Central Library, BUET2015-07-12Circulation section  2015-07-12 7623_130000000000000_GOU_1965 2015-07-12Central Library, BUET26524623.13/GOU/1965 General Book